| 000 | 00461nab a2200145Ia 4500 | ||
|---|---|---|---|
| 003 | ES-SlBCS | ||
| 005 | 20210601130452.0 | ||
| 008 | 140529s1977 xxu||||| |||| 00| 0 fre d | ||
| 041 | _afre | ||
| 100 | 1 |
_aDevaux, André-A. _97835 |
|
| 245 | 0 | 0 |
_aNature et rôle de l'attention chez Simone Weil _c André-A. Dévaux |
| 600 | 1 | 4 |
_aWeil, Simone _d, 1909-1943 _994033 |
| 773 | 0 |
_tGiornali di Metafisica _gvol. 32, nº. 3, 1977, págs. 217-228 _w0017-0372 |
|
| 942 | _cAR | ||
| 999 |
_c547195 _d547195 |
||